00584 2200193 4500001002100000005001500021035002000036007000300056008004100059020002200100082000800122084001400130100001800144245012400162250001100286260003100297300004300328650001900371INLIS00000000000096420210710104057 a0010-0721000002ta210710 g 0 ind  a978-979-9440-18-1 a952 a952 KEN h0 aKenichi Ohmae1 aHancurnya Negara-Bangsa :bBangkitnya Negara Kawasan dan Geliat Ekonomi Regional di Dunia Tak Terbatas /cKenichi Ohmae acet. 2 aYogyakarta :bQalam,c2010 axvii + 276 :bIlus. ;c14 cm X 20.3 cm aSejarah Jepang